[Event "XXII Festival A"]
[Site "Arco ITA"]
[Date "2000.10.23"]
[Round "3"]
[White "Pegoraro, Nicola"]
[Black "Tocco, Paolo"]
[Result "0-1"]
[WhiteElo "2062"]
[BlackElo "2139"]
[PlyCount "108"]
[EventDate "2000.10.21"]

1. e4 e5 2. Nf3 Nc6 3. d4 exd4 4. Nxd4 Qh4 5. Nc3 Bb4 6. Ndb5 Kd8 7. Be2 a6 8.
g3 Qxe4 9. O-O Bxc3 10. Nxc3 Qd4 11. Bd3 Nf6 12. Be3 Qg4 13. Be2 Qe6 14. Re1 d6
15. Bg5 Qf5 16. Qd2 h6 17. Bxf6+ Qxf6 18. Nd5 Qd4 19. Rad1 Qxd2 20. Rxd2 Be6
21. Nf4 Kd7 22. Nxe6 fxe6 23. Bg4 Rae8 24. c3 Rhf8 25. f4 Rf6 26. Rde2 Re7 27.
Kg2 g5 28. Rf2 gxf4 29. gxf4 Rg7 30. Kh3 Nd8 31. Re4 Nf7 32. Rfe2 Nd8 33. Kh4
Re7 34. a4 d5 35. Rd4 Kd6 36. Rf2 c5 37. Rdd2 Ref7 38. Kg3 Rg7 39. Kh4 Nc6 40.
Rd1 Ne7 41. Rd3 Ng6+ 42. Kg3 h5 43. h3 hxg4 44. hxg4 Rgf7 45. Rdf3 b5 46. axb5
axb5 47. b4 cxb4 48. cxb4 d4 49. f5 exf5 50. Rd2 f4+ 51. Kf2 Ke5 52. Rh3 f3 53.
Rh5+ Ke4 54. Rxb5 Ne5 0-1

[Event "XXII Festival A"]
[Site "Arco ITA"]
[Date "2000.10.23"]
[Round "3"]
[White "Pernigotti, Carlo"]
[Black "Scharrer, Patrick"]
[Result "1-0"]
[WhiteElo "2199"]
[BlackElo "1825"]
[PlyCount "39"]
[EventDate "2000.10.21"]

1. e4 c5 2. Nc3 e6 3. g3 Nc6 4. Bg2 g6 5. d3 Bg7 6. Be3 d6 7. Qd2 Nge7 8. Bh6
O-O 9. h4 Ne5 10. Bxg7 Kxg7 11. h5 Ng8 12. O-O-O Qa5 13. f4 Nc6 14. Kb1 b5 15.
f5 b4 16. Nce2 e5 17. Nf3 Bd7 18. f6+ Kh8 19. hxg6 fxg6 20. Rxh7+ 1-0

[Event "XXII Festival A"]
[Site "Arco ITA"]
[Date "2000.10.23"]
[Round "3"]
[White "Pienabarca, Nicola"]
[Black "Zucchelli, Massimo"]
[Result "1/2-1/2"]
[WhiteElo "2030"]
[BlackElo "2190"]
[PlyCount "126"]
[EventDate "2000.10.21"]

1. d4 Nf6 2. c4 c5 3. d5 b5 4. cxb5 a6 5. bxa6 Bxa6 6. Nc3 g6 7. e4 Bxf1 8.
Kxf1 d6 9. Nf3 Bg7 10. g3 Nbd7 11. Kg2 O-O 12. Re1 Ng4 13. Qc2 Qb6 14. a4 Rfb8
15. Nb5 Qb7 16. Rb1 Nb6 17. b3 Rf8 18. Bb2 Bxb2 19. Rxb2 f6 20. Ra2 f5 21. Ng5
fxe4 22. Qxe4 Qxd5 23. Ne6 Qxb3 24. Ree2 Nf6 25. Qb7 Qd5+ 26. Qxd5 Nfxd5 27.
Nxf8 Kxf8 28. a5 Nc4 29. a6 Nb4 30. a7 Nxa2 31. Rxa2 Nb6 32. Nc7 Rc8 33. a8=Q
Nxa8 34. Rxa8 Rxa8 35. Nxa8 Kf7 36. Nb6 Ke6 37. Kf3 d5 38. Ke3 Kd6 39. Kd3 e5
40. f3 Kc6 41. Na4 c4+ 42. Kc2 d4 43. Nb2 Kb5 44. Nd1 Kb4 45. Nf2 Kc5 46. Ne4+
Kc6 47. Kb2 h5 48. Ka3 Kb5 49. h3 Kc6 50. Kb4 Kd5 51. h4 c3 52. Kb3 Ke6 53. Kc2
Kd5 54. Kd3 Ke6 55. Nc5+ Kf5 56. Ne4 Ke6 57. Ng5+ Kf5 58. Nh3 c2 59. Kxc2 e4
60. Nf2 exf3 61. Kd3 g5 62. hxg5 Kxg5 63. Kxd4 h4 1/2-1/2

[Event "XXII Festival A"]
[Site "Arco ITA"]
[Date "2000.10.23"]
[Round "3"]
[White "Schiappacasse, Marcello"]
[Black "Coratella, Giuseppe"]
[Result "0-1"]
[WhiteElo "2021"]
[BlackElo "2077"]
[PlyCount "74"]
[EventDate "2000.10.21"]

1. Nf3 g6 2. c4 Bg7 3. d4 d6 4. Nc3 Nf6 5. g3 O-O 6. Bg2 Nc6 7. d5 Na5 8. Nd2
c5 9. O-O a6 10. Qc2 Bd7 11. b3 b5 12. Bb2 Rb8 13. Rab1 Bh6 14. Nce4 Nxe4 15.
Bxe4 e5 16. dxe6 Bxe6 17. cxb5 axb5 18. Qc3 f6 19. Rfd1 d5 20. Qxc5 dxe4 21.
Nxe4 Qb6 22. Qxb6 Rxb6 23. Nxf6+ Rxf6 24. Bxf6 Bf5 25. Bd8 Ra6 26. Ra1 Bc2 27.
Rac1 Bxd1 28. Rxd1 Nc6 29. e3 Rxa2 30. Bf6 Kf7 31. Rd6 Rc2 32. Bd4 Ke7 33. Rd5
Nxd4 34. Rxd4 Bf8 35. Rd3 b4 36. Kg2 Rc3 37. Rd4 Rxb3 0-1

[Event "XXII Festival A"]
[Site "Arco ITA"]
[Date "2000.10.23"]
[Round "3"]
[White "Schlichthaar, Robert"]
[Black "Drei, Andrea"]
[Result "0-1"]
[WhiteElo "2198"]
[BlackElo "2350"]
[PlyCount "84"]
[EventDate "2000.10.21"]

1. e4 c5 2. Nf3 a6 3. c3 Nf6 4. e5 Nd5 5. d4 cxd4 6. cxd4 e6 7. g3 Nc6 8. Bg2
d6 9. O-O dxe5 10. dxe5 Be7 11. Nbd2 O-O 12. Re1 Qc7 13. Nb3 Rd8 14. Qe2 b6 15.
Bg5 Bb7 16. a3 Rac8 17. Rac1 Bxg5 18. Nxg5 h6 19. Nf3 Nde7 20. Rc3 Qb8 21. Nbd2
Nf5 22. Ne4 b5 23. Ned2 Ncd4 24. Nxd4 Nxd4 25. Qg4 Rxc3 26. bxc3 Nc2 27. Re2
Bxg2 28. Kxg2 Nxa3 29. Qb4 Qa8+ 30. f3 Nc2 31. Qb2 Rxd2 32. Rxd2 Ne3+ 33. Kf2
Nc4 34. Qc2 Nxd2 35. Qxd2 a5 36. Qa2 a4 37. Ke3 Qd5 38. Qa3 Qxe5+ 39. Kd3 Qd5+
40. Ke3 Qe5+ 41. Kd3 Qd5+ 42. Ke3 Qb3 0-1

[Event "XXII Festival A"]
[Site "Arco ITA"]
[Date "2000.10.23"]
[Round "3"]
[White "Slobodjan, Roman"]
[Black "Konopka, Michal"]
[Result "1/2-1/2"]
[WhiteElo "2541"]
[BlackElo "2476"]
[PlyCount "103"]
[EventDate "2000.10.21"]

1. e4 d6 2. d4 Nf6 3. Nc3 g6 4. Nf3 Bg7 5. Be2 O-O 6. O-O c6 7. h3 Nbd7 8. e5
dxe5 9. dxe5 Nd5 10. Nxd5 cxd5 11. Bf4 Qc7 12. Qxd5 Qxc2 13. Bb5 Nb6 14. Qd4
Bf5 15. Rfd1 Qe4 16. Bg5 f6 17. exf6 Qxd4 18. Nxd4 Bxf6 19. Bxf6 Rxf6 20. Nxf5
Rxf5 21. Be2 Rc5 22. Bf3 Rb8 23. b3 Kf7 24. Rd4 Rc7 25. Rad1 Rf8 26. Rf4+ Kg7
27. Rxf8 Kxf8 28. Rd8+ Kf7 29. Rb8 Ke6 30. Rh8 Rc1+ 31. Kh2 Rc2 32. a4 Rb2 33.
Bxb7 Rxb3 34. a5 Nc4 35. Bf3 Nxa5 36. Rxh7 Nc4 37. Rh8 Nd6 38. h4 Kf6 39. Rf8+
Kg7 40. Rd8 Nf5 41. h5 gxh5 42. Bxh5 Rb2 43. f4 Rb4 44. g4 Rxf4 45. gxf5 Rh4+
46. Kg3 Rxh5 47. Kg4 Rh1 48. Rd7 Kf6 49. Rxa7 Rg1+ 50. Kf4 Rf1+ 51. Kg4 Rxf5
52. Rxe7 1/2-1/2

[Event "XXII Festival A"]
[Site "Arco ITA"]
[Date "2000.10.23"]
[Round "3"]
[White "Tomescu, Vlad"]
[Black "Gofshtein, Leonid D."]
[Result "1-0"]
[WhiteElo "2432"]
[BlackElo "2561"]
[PlyCount "65"]
[EventDate "2000.10.21"]

1. e4 c5 2. Nf3 Nc6 3. d4 cxd4 4. Nxd4 Qc7 5. Nc3 e6 6. Be3 a6 7. Bd3 b5 8. O-O
Bb7 9. Qe2 Nf6 10. a3 d6 11. f4 Be7 12. Nb3 O-O 13. g4 b4 14. axb4 Nxb4 15. g5
Nd7 16. Na5 Rfe8 17. Ra4 d5 18. Nxb7 Qxb7 19. Qf2 Rac8 20. exd5 Nc5 21. dxe6
Nbxd3 22. exf7+ Kxf7 23. cxd3 Nxa4 24. Nxa4 Qb3 25. Nc3 Rb8 26. f5 Rbd8 27. f6
gxf6 28. gxf6 Rg8+ 29. Kh1 Qb7+ 30. Ne4 Bf8 31. Qh4 h6 32. Qh5+ Rg6 33. Rg1 1-0

[Event "XXII Festival A"]
[Site "Arco ITA"]
[Date "2000.10.23"]
[Round "3"]
[White "Tukmakov, Vladimir B."]
[Black "Casagrande, Fabio"]
[Result "1-0"]
[WhiteElo "2582"]
[BlackElo "1911"]
[PlyCount "49"]
[EventDate "2000.10.21"]

1. Nf3 Nf6 2. c4 e6 3. g3 c5 4. Bg2 Nc6 5. O-O Be7 6. d4 cxd4 7. Nxd4 O-O 8.
Nc3 d5 9. cxd5 Nxd5 10. Nxd5 exd5 11. Be3 Be6 12. Rc1 Nxd4 13. Bxd4 Bf6 14. e3
Bxd4 15. Qxd4 Qa5 16. a3 Rac8 17. Rfd1 Rxc1 18. Rxc1 h6 19. Bf3 a6 20. Rc5 Qe1+
21. Kg2 b6 22. Rc6 Bd7 23. Rxb6 Bb5 24. Qd1 Qa5 25. Rd6 1-0

[Event "XXII Festival A"]
[Site "Arco ITA"]
[Date "2000.10.23"]
[Round "3"]
[White "Wagman, Stuart"]
[Black "Krivoshey, Sergei"]
[Result "0-1"]
[WhiteElo "2190"]
[BlackElo "2473"]
[PlyCount "50"]
[EventDate "2000.10.21"]

1. e4 d5 2. exd5 Nf6 3. d4 Bg4 4. Nf3 Qxd5 5. Be2 Nc6 6. c4 Qf5 7. O-O O-O-O 8.
Be3 e5 9. d5 e4 10. Nd4 Nxd4 11. Bxd4 Bd6 12. Bxf6 Bxe2 13. Qxe2 gxf6 14. Nc3
Qe5 15. f4 Qd4+ 16. Kh1 f5 17. Nb5 Qf6 18. Nxa7+ Kb8 19. Nb5 Rhg8 20. Rac1 Rg4
21. Nxd6 Qxd6 22. Qe3 Rdg8 23. Rf2 h5 24. Rd1 Qg6 25. Qe2 e3 0-1

[Event "XXII Festival A"]
[Site "Arco ITA"]
[Date "2000.10.24"]
[Round "4"]
[White "Ager, Josef"]
[Black "Dittmar, Peter"]
[Result "1/2-1/2"]
[WhiteElo "2195"]
[BlackElo "2364"]
[PlyCount "112"]
[EventDate "2000.10.21"]

1. c4 Nf6 2. d4 d6 3. Nf3 Nbd7 4. Nc3 e5 5. e4 Be7 6. Be2 O-O 7. O-O c6 8. Be3
a6 9. d5 cxd5 10. cxd5 b5 11. Nd2 Nb6 12. a3 Bd7 13. Rc1 Qb8 14. Na2 Na4 15. b3
Nc5 16. f3 Bd8 17. Kh1 Bb6 18. Bg1 Rc8 19. Nc3 Be8 20. b4 Ncd7 21. Nb3 Bxg1 22.
Rxg1 Nb6 23. Na5 Ra7 24. Qd2 Rac7 25. Rc2 Bd7 26. Rgc1 Ne8 27. Bd3 g6 28. g3
Ng7 29. Kg2 Na8 30. Qe3 Qb6 31. Kf2 f5 32. Qxb6 Nxb6 33. Ke3 Nh5 34. Ne2 Rxc2
35. Rxc2 Rxc2 36. Bxc2 fxe4 37. fxe4 Nf6 38. h4 Kf8 39. Ng1 Ke7 40. Nf3 h6 41.
Bb3 Kd8 42. Nd2 Kc7 43. Nf3 Bg4 44. Nd2 Bd7 45. Nf3 Nc8 46. Nh2 Bh3 47. Kf3 h5
48. Bc2 Ne7 49. Bd3 Bd7 50. Ke3 Bg4 51. Bc2 Neg8 52. Nb3 Nh6 53. Nd2 Nf7 54.
Ndf3 Bh3 55. Bd1 Bg2 56. Bc2 Bh3 1/2-1/2

[Event "XXII Festival A"]
[Site "Arco ITA"]
[Date "2000.10.24"]
[Round "4"]
[White "Astengo, Marcello"]
[Black "Ketzscher, Roland"]
[Result "0-1"]
[WhiteElo "2060"]
[BlackElo "2214"]
[PlyCount "64"]
[EventDate "2000.10.21"]

1. d4 Nf6 2. c4 e6 3. Nc3 Bb4 4. Bd2 d5 5. e3 c5 6. Nf3 Nc6 7. dxc5 Bxc5 8. Rc1
d4 9. exd4 Nxd4 10. Nxd4 Bxd4 11. Nb5 Bxb2 12. Bb4 Qxd1+ 13. Rxd1 Be5 14. Be2
Bd7 15. Bf3 Bc6 16. Ke2 a6 17. Nd6+ Bxd6 18. Rxd6 Bxf3+ 19. Kxf3 O-O 20. Rhd1
Rfc8 21. R1d4 e5 22. Rd2 Ne8 23. c5 a5 24. Ba3 Nxd6 25. Rxd6 f5 26. Ke3 Rd8 27.
f4 e4 28. Kd4 Rxd6+ 29. cxd6 Kf7 30. Ke5 e3 31. Bc5 e2 32. Bf2 e1=Q+ 0-1

[Event "XXII Festival A"]
[Site "Arco ITA"]
[Date "2000.10.24"]
[Round "4"]
[White "Barucco, Mattia"]
[Black "Cocchi, Andrea"]
[Result "0-1"]
[WhiteElo "1912"]
[BlackElo "2254"]
[PlyCount "98"]
[EventDate "2000.10.21"]

1. e4 c5 2. Nf3 Nc6 3. Bb5 Qb6 4. Qe2 e6 5. c3 Nge7 6. O-O Ng6 7. d4 cxd4 8.
Bxc6 bxc6 9. cxd4 Ba6 10. Qc2 Bxf1 11. Kxf1 Be7 12. Nc3 O-O 13. g3 f5 14. e5
Bb4 15. Ne2 Qb7 16. Qd3 Qb5 17. Qxb5 cxb5 18. a3 Ba5 19. Be3 Ne7 20. b4 Bb6 21.
Nc3 a6 22. Rc1 Rfc8 23. Ke2 Rc7 24. Kd3 Rac8 25. Nd2 Nd5 26. Nxd5 exd5 27. Rc5
Bxc5 28. dxc5 a5 29. Nf3 axb4 30. axb4 Ra8 31. Nd4 g6 32. Nxb5 Rb7 33. Nc3 Rxb4
34. Nxd5 Ra3+ 35. Ke2 Rb7 36. Nf6+ Kg7 37. Ne8+ Kf8 38. Nf6 h5 39. Nd5 Kf7 40.
Kf3 Ra4 41. Nb6 Re4 42. Ke2 Rxe5 43. Nc4 Ke6 44. Nxe5 Kxe5 45. Kf3 Rb3 46. h4
Rc3 47. Ke2 Ke4 48. f3+ Kd5 49. Bf2 Rc2+ 0-1

[Event "XXII Festival A"]
[Site "Arco ITA"]
[Date "2000.10.24"]
[Round "4"]
[White "Carli, Carlo"]
[Black "Pienabarca, Nicola"]
[Result "1/2-1/2"]
[WhiteElo "2117"]
[BlackElo "2030"]
[PlyCount "101"]
[EventDate "2000.10.21"]

1. e4 e6 2. d4 d5 3. Nc3 Nf6 4. exd5 exd5 5. Nf3 Bb4 6. a3 Bxc3+ 7. bxc3 Ne4 8.
c4 O-O 9. Be3 Bg4 10. Bd3 f5 11. cxd5 Nc3 12. Qd2 Nxd5 13. Bc4 Kh8 14. Bg5 Qe8+
15. Ne5 Nb6 16. Bb3 Nc6 17. f4 h6 18. Bh4 Qh5 19. Bf2 Nxe5 20. dxe5 Rad8 21.
Qe3 Nd5 22. Bxd5 Rxd5 23. O-O b6 24. h3 Be2 25. g4 Bxg4 26. hxg4 Qxg4+ 27. Bg3
Rfd8 28. Qf3 Qg6 29. Rae1 Qe6 30. Rd1 Kg8 31. Rxd5 Qxd5 32. Qxd5+ Rxd5 33. e6
Kf8 34. Bh4 Rd4 35. Bg3 Re4 36. Re1 Rxe1+ 37. Bxe1 Ke7 38. Kf2 Kxe6 39. Ke3 g5
40. Bg3 c6 41. Kd4 a6 42. c4 c5+ 43. Kc3 Kd7 44. Kb3 Kc6 45. a4 b5 46. a5 b4
47. Kc2 Kd7 48. Kd3 Ke6 49. Bf2 Kd6 50. Be3 g4 51. Bf2 1/2-1/2

[Event "XXII Festival A"]
[Site "Arco ITA"]
[Date "2000.10.24"]
[Round "4"]
[White "Casagrande, Fabio"]
[Black "Jens, Jelmer"]
[Result "0-1"]
[WhiteElo "1911"]
[BlackElo "2280"]
[PlyCount "50"]
[EventDate "2000.10.21"]

1. e4 e6 2. d4 d5 3. Nd2 Nf6 4. e5 Nfd7 5. Bd3 c5 6. c3 Nc6 7. Ne2 cxd4 8. cxd4
f6 9. exf6 Nxf6 10. Nf3 Bd6 11. O-O O-O 12. Bg5 Bd7 13. Rc1 Be8 14. Bb1 Qc7 15.
Bxf6 Rxf6 16. Ng3 Qb6 17. Qd3 Bg6 18. Qc3 Bxg3 19. hxg3 Bh5 20. Ng5 h6 21. Nh7
Rf7 22. Qc2 Nxd4 23. Qd3 Ne2+ 24. Kh2 Nxc1 25. Rxc1 Bg4 0-1

[Event "XXII Festival A"]
[Site "Arco ITA"]
[Date "2000.10.24"]
[Round "4"]
[White "Coratella, Giuseppe"]
[Black "Schlichthaar, Robert"]
[Result "1-0"]
[WhiteElo "2077"]
[BlackElo "2198"]
[PlyCount "105"]
[EventDate "2000.10.21"]

1. e4 e5 2. Nf3 Nc6 3. d4 exd4 4. Nxd4 Nf6 5. Nc3 Bb4 6. Nxc6 bxc6 7. Bd3 d5 8.
exd5 cxd5 9. O-O O-O 10. Bg5 c6 11. Qf3 Be7 12. Rfe1 Rb8 13. Ne2 Bg4 14. Qg3
Qd7 15. Nd4 Rfe8 16. Nxc6 Qxc6 17. Rxe7 Bh5 18. Rae1 Bg6 19. Bxf6 gxf6 20.
Rxe8+ Rxe8 21. Rxe8+ Qxe8 22. Qe3 Qa4 23. a3 Kg7 24. f4 Bxd3 25. cxd3 Qd1+ 26.
Kf2 Qc2+ 27. Qe2 Qc1 28. Kf3 Qg1 29. Qf2 Qd1+ 30. Ke3 Qb3 31. Qd2 Qb6+ 32. Kf3
Qb3 33. Qc3 Qd1+ 34. Kg3 Qe2 35. Qd4 Qe1+ 36. Kh3 Qe2 37. b4 h5 38. f5 Qd1 39.
b5 Qb3 40. a4 Qa3 41. Kg3 Qd6+ 42. Kf3 Qd7 43. g4 Qd6 44. g5 Qxh2 45. Qxf6+ Kg8
46. g6 Qh1+ 47. Kf4 Qc1+ 48. Ke5 Qe3+ 49. Kxd5 Qxd3+ 50. Kc6 Qe4+ 51. Kc7 Qe8
52. a5 h4 53. b6 1-0

[Event "XXII Festival A"]
[Site "Arco ITA"]
[Date "2000.10.24"]
[Round "4"]
[White "Crippa, Gabriele"]
[Black "Roos, Michael"]
[Result "0-1"]
[WhiteElo "2136"]
[BlackElo "2244"]
[PlyCount "80"]
[EventDate "2000.10.21"]

1. d4 Nf6 2. Nf3 g6 3. Bg5 Bg7 4. Nbd2 d5 5. e3 O-O 6. h3 c5 7. c3 Qb6 8. Qc1
Re8 9. Bd3 Nc6 10. O-O e5 11. dxc5 Qxc5 12. e4 dxe4 13. Nxe4 Nxe4 14. Bxe4 Be6
15. Bh6 Bh8 16. Re1 f5 17. Bxc6 bxc6 18. Qe3 Qxe3 19. Bxe3 Bd5 20. b3 Bxf3 21.
gxf3 e4 22. Rac1 exf3 23. Kh2 Be5+ 24. Kh1 Bc7 25. c4 Re4 26. Bg5 Rae8 27. Re3
Rxe3 28. fxe3 Bd8 29. Bh6 g5 30. Rd1 Kf7 31. Kg1 g4 32. hxg4 fxg4 33. Rd7+ Kg6
34. Rd6+ Bf6 35. Kf2 Rd8 36. Rxc6 Rd2+ 37. Ke1 Re2+ 38. Kd1 g3 39. Bf4 g2 40.
Bh2 Rxa2 0-1

[Event "XXII Festival A"]
[Site "Arco ITA"]
[Date "2000.10.24"]
[Round "4"]
[White "Denes, Roberto"]
[Black "Pegoraro, Nicola"]
[Result "0-1"]
[WhiteElo "1498"]
[BlackElo "2062"]
[PlyCount "114"]
[EventDate "2000.10.21"]

1. d4 f5 2. c4 Nf6 3. Nc3 g6 4. Nf3 Bg7 5. g3 d6 6. Bg2 O-O 7. O-O Nc6 8. Re1
Qe8 9. d5 Ne5 10. Nxe5 dxe5 11. Bg5 h6 12. Bxf6 Rxf6 13. Qd2 Bd7 14. f4 e4 15.
e3 Rd8 16. Rad1 a6 17. Qc2 Bc8 18. Ne2 Rfd6 19. Rd2 c5 20. Red1 Qd7 21. Nc3 Qc7
22. b3 Qa5 23. Nb1 Bd7 24. Bf1 Be8 25. Rg2 h5 26. h3 e6 27. Qd2 Qxd2 28. Rdxd2
exd5 29. Rxd5 Rxd5 30. cxd5 b5 31. Rd2 Bf7 32. Be2 Rxd5 33. Rxd5 Bxd5 34. g4
hxg4 35. hxg4 Kf7 36. gxf5 gxf5 37. Kf2 Ke7 38. Ke1 Kd6 39. Kd2 Bc6 40. a4 bxa4
41. bxa4 a5 42. Bd1 c4 43. Nc3 Kc5 44. Bc2 Kb4 45. Na2+ Ka3 46. Nc1 Bxa4 47.
Bxa4 Kxa4 48. Kc2 Kb4 49. Na2+ Kc5 50. Nc1 a4 51. Na2 c3 52. Nc1 Kc4 53. Na2
Bf6 54. Nc1 Be7 55. Ne2 Bc5 56. Nxc3 Bxe3 57. Nxa4 Bd4 0-1

[Event "XXII Festival A"]
[Site "Arco ITA"]
[Date "2000.10.24"]
[Round "4"]
[White "Dickhoff, Ronald"]
[Black "Pernigotti, Carlo"]
[Result "1-0"]
[WhiteElo "2273"]
[BlackElo "2199"]
[PlyCount "85"]
[EventDate "2000.10.21"]

1. Nf3 f5 2. d4 Nf6 3. g3 g6 4. b3 Bg7 5. Bb2 d6 6. Bg2 O-O 7. O-O Qe8 8. Nbd2
Nc6 9. Nc4 e6 10. a4 Ne4 11. Ncd2 Nxd2 12. Qxd2 e5 13. dxe5 dxe5 14. e4 f4 15.
b4 Bg4 16. b5 Rd8 17. Qc3 Bxf3 18. Bxf3 Nd4 19. Qc4+ Qe6 20. Qxe6+ Nxe6 21. Be2
Ng5 22. Bc4+ Kh8 23. Bd5 Rb8 24. h4 Nf7 25. Ba3 Nd6 26. Rad1 Rfd8 27. g4 h6 28.
f3 Bf6 29. h5 gxh5 30. gxh5 Rd7 31. Rf2 Rg7+ 32. Rg2 Ne8 33. Rxg7 Nxg7 34. Bf7
Rd8 35. Rxd8+ Bxd8 36. Bc5 b6 37. Bf8 Bh4 38. Kf1 Bg5 39. Ke2 Nxh5 40. Bxh5 Kg8
41. Bb4 Kg7 42. Bc3 Kf6 43. Kd3 1-0

[Event "XXII Festival A"]
[Site "Arco ITA"]
[Date "2000.10.24"]
[Round "4"]
[White "Gofshtein, Leonid D."]
[Black "Inkiov, Ventzislav V."]
[Result "1-0"]
[WhiteElo "2561"]
[BlackElo "2419"]
[PlyCount "69"]
[EventDate "2000.10.21"]

1. d4 Nf6 2. c4 e6 3. Nf3 d5 4. Nc3 Bb4 5. cxd5 exd5 6. Bg5 Nbd7 7. e3 c5 8.
Bd3 Qa5 9. Qc2 c4 10. Bf5 O-O 11. Nd2 Re8 12. O-O g6 13. Bxd7 Nxd7 14. f3 Bxc3
15. bxc3 Nb6 16. Bf4 Qa4 17. Qb2 Bf5 18. Rfe1 Bd3 19. e4 Qc6 20. e5 Na4 21. Qc1
b5 22. Nf1 Bxf1 23. Kxf1 f5 24. exf6 Qxf6 25. Be5 Qf5 26. Qh6 Re7 27. Re3 Rae8
28. g4 Qc2 29. Bf6 Qd2 30. Bxe7 Rxe7 31. Rae1 Nxc3 32. Qf4 Rxe3 33. Rxe3 Qc1+
34. Kg2 Qd2+ 35. Kh3 1-0

[Event "XXII Festival A"]
[Site "Arco ITA"]
[Date "2000.10.24"]
[Round "4"]
[White "Haldemann, Paul"]
[Black "Antoniacci, Riccardo"]
[Result "0-1"]
[WhiteElo "2231"]
[BlackElo "2065"]
[PlyCount "100"]
[EventDate "2000.10.21"]

1. d4 f5 2. Nf3 Nf6 3. c4 g6 4. g3 Bg7 5. Bg2 d6 6. O-O O-O 7. Nc3 c6 8. d5 e5
9. dxe6 Bxe6 10. Qd3 Na6 11. Ng5 Bf7 12. Rd1 Nc5 13. Nxf7 Rxf7 14. Qc2 a5 15.
Bf4 Bf8 16. b3 Ne6 17. Be3 Ng4 18. Bc1 Qf6 19. e3 g5 20. Bb2 Qh6 21. h3 Ne5 22.
f4 gxf4 23. exf4 Ng6 24. Re1 Nc5 25. Re2 Bg7 26. Rae1 Nf8 27. Re7 Rxe7 28. Rxe7
Bd4+ 29. Kh2 Qf6 30. Re1 Nfe6 31. a3 Qg6 32. b4 axb4 33. axb4 Na6 34. b5 Nb4
35. Qd2 Bc5 36. bxc6 bxc6 37. Bf3 Nd4 38. Bg2 Nbc2 39. Rc1 Nb4 40. Re1 Ra7 41.
Ne2 Ndc2 42. Rb1 Bf2 43. Bxc6 Re7 44. Bd5+ Kf8 45. Bg2 Re3 46. Rd1 Rd3 47. Qc1
Rxg3 48. Rg1 Nd3 49. Qxc2 Bxg1+ 50. Nxg1 Ne1 0-1

[Event "XXII Festival A"]
[Site "Arco ITA"]
[Date "2000.10.24"]
[Round "4"]
[White "Konopka, Michal"]
[Black "Tomescu, Vlad"]
[Result "1/2-1/2"]
[WhiteElo "2476"]
[BlackElo "2432"]
[PlyCount "31"]
[EventDate "2000.10.21"]

1. Nf3 b5 2. e4 Bb7 3. Bxb5 Bxe4 4. d4 Nf6 5. O-O e6 6. c4 Be7 7. Nc3 Bb7 8.
Ba4 O-O 9. Bc2 d6 10. b3 c5 11. dxc5 dxc5 12. Qe2 Nc6 13. Rd1 Qc7 14. Bb2 Nb4
15. Ne4 Nxe4 16. Bxe4 1/2-1/2

[Event "XXII Festival A"]
[Site "Arco ITA"]
[Date "2000.10.24"]
[Round "4"]
[White "Krivoshey, Sergei"]
[Black "Luciani, Carlo"]
[Result "1-0"]
[WhiteElo "2473"]
[BlackElo "2225"]
[PlyCount "73"]
[EventDate "2000.10.21"]

1. d4 Nf6 2. Nf3 g6 3. c4 Bg7 4. Nc3 d6 5. e4 O-O 6. Be2 Bg4 7. Be3 Nfd7 8. Ng1
Bxe2 9. Ngxe2 c5 10. O-O cxd4 11. Nxd4 Nc6 12. Rc1 Qa5 13. Nd5 e6 14. Nxc6 bxc6
15. Ne7+ Kh8 16. Nxc6 Qxa2 17. Qxd6 Nf6 18. Bd4 Qa6 19. c5 Nxe4 20. Bxg7+ Kxg7
21. Qe5+ Nf6 22. Nb4 Qb5 23. Nc2 Qb8 24. Qc3 e5 25. Ne3 a5 26. Nc4 Re8 27. Rfe1
Nd5 28. Qf3 Nf4 29. Nd6 Re6 30. Kh1 Ra7 31. g3 Nh5 32. Qc3 Qa8+ 33. Kg1 Ree7
34. Nc4 Qd5 35. Nxa5 Nf6 36. b4 e4 37. c6 1-0

[Event "XXII Festival A"]
[Site "Arco ITA"]
[Date "2000.10.24"]
[Round "4"]
[White "Lazarev, Vladimir"]
[Black "Kloster, Josef"]
[Result "1-0"]
[WhiteElo "2501"]
[BlackElo "2135"]
[PlyCount "79"]
[EventDate "2000.10.21"]

1. d4 f5 2. c4 Nf6 3. g3 e6 4. Bg2 d5 5. Nd2 c6 6. Qc2 Bd6 7. Nh3 O-O 8. O-O
Nbd7 9. Nf3 Ne4 10. Nf4 Qe7 11. Nd3 b5 12. c5 Bc7 13. a4 bxa4 14. Qxa4 Bb7 15.
Bf4 Bxf4 16. gxf4 g5 17. fxg5 Nxg5 18. Nxg5 Qxg5 19. f4 Qe7 20. Ra3 Kh8 21. Kh1
Nf6 22. Ne5 Qc7 23. Rfa1 Nd7 24. Nd3 Rf7 25. Qb4 a6 26. Qe1 Rg8 27. Bf3 Rfg7
28. Qh4 Qd8 29. Qxd8 Rxd8 30. Rg1 Rdg8 31. Rxg7 Rxg7 32. Nc1 Kg8 33. Nb3 Kf8
34. Na5 Ba8 35. e3 Ke7 36. Be2 Nb8 37. Rb3 Rg8 38. Rb6 Kd7 39. Bxa6 Kc7 40. Bb7
1-0

[Event "XXII Festival A"]
[Site "Arco ITA"]
[Date "2000.10.24"]
[Round "4"]
[White "Lovati, Paolo"]
[Black "Di Lazzaro, Gabriele"]
[Result "1-0"]
[WhiteElo "2084"]
[BlackElo "1959"]
[PlyCount "107"]
[EventDate "2000.10.21"]

1. c4 e5 2. g3 Nf6 3. Bg2 Bc5 4. Nc3 a6 5. d3 h6 6. Nf3 d6 7. O-O O-O 8. a3 a5
9. Rb1 Nc6 10. Nd5 Nxd5 11. cxd5 Ne7 12. b4 axb4 13. axb4 Bb6 14. Nd2 Bg4 15.
h3 Bh5 16. Nc4 Bd4 17. g4 Bg6 18. e3 Ba7 19. Kh2 f5 20. gxf5 Bxf5 21. b5 Nc8
22. e4 Bd7 23. f4 Bd4 24. fxe5 dxe5 25. Ba3 Rxf1 26. Qxf1 Nb6 27. Bb2 Bxb2 28.
Rxb2 Na4 29. Rf2 Qe8 30. b6 Nxb6 31. Nxb6 cxb6 32. Qb1 b5 33. Qb2 Qe7 34. d4
Re8 35. dxe5 Qxe5+ 36. Qxe5 Rxe5 37. Rc2 Kf8 38. Kg3 g5 39. Rc7 Ke7 40. Rxb7
Kd6 41. Kf3 Re7 42. Ke3 Kc5 43. Rc7+ Kd6 44. Rb7 Kc5 45. Bf1 b4 46. Bb5 Kd6 47.
Bxd7 Rxd7 48. Rxb4 Kc5 49. Rb8 Ra7 50. Rc8+ Kb4 51. Kd4 Rg7 52. Rb8+ Ka5 53. d6
h5 54. Kc3 1-0

[Event "XXII Festival A"]
[Site "Arco ITA"]
[Date "2000.10.24"]
[Round "4"]
[White "Mietzner, Tina"]
[Black "Schiappacasse, Marcello"]
[Result "1/2-1/2"]
[WhiteElo "2134"]
[BlackElo "2021"]
[PlyCount "107"]
[EventDate "2000.10.21"]

1. e4 c5 2. Nf3 d6 3. d4 cxd4 4. Nxd4 Nf6 5. Nc3 g6 6. Be3 Bg7 7. f3 O-O 8. Bc4
Nc6 9. Qd2 Bd7 10. O-O-O Ne5 11. Bb3 Rc8 12. h4 Nc4 13. Bxc4 Rxc4 14. h5 Nxh5
15. g4 Nf6 16. Bh6 Bxh6 17. Qxh6 Rxc3 18. bxc3 Qa5 19. Nf5 Bxf5 20. gxf5 Qxa2
21. fxg6 fxg6 22. Rdg1 Qf7 23. Qe3 b6 24. f4 Qe6 25. f5 Qxe4 26. Qg5 Qe5 27.
fxg6 Qxg5+ 28. Rxg5 hxg6 29. Rhg1 Kf7 30. Rxg6 Rg8 31. Rxg8 Nxg8 32. Kd2 Nf6
33. Kd3 e5 34. Kc4 a6 35. Ra1 d5+ 36. Kd3 a5 37. c4 Ke6 38. Rb1 Nd7 39. cxd5+
Kxd5 40. Rb5+ Kc6 41. Kc4 Nc5 42. c3 e4 43. Rb2 a4 44. Rh2 Nb7 45. Rh6+ Nd6+
46. Kd4 b5 47. Ke5 Kc5 48. Rxd6 e3 49. Rd3 Kc4 50. Rxe3 a3 51. Re2 Kxc3 52. Kd5
Kb3 53. Kc5 a2 54. Rxa2 1/2-1/2

[Event "XXII Festival A"]
[Site "Arco ITA"]
[Date "2000.10.24"]
[Round "4"]
[White "Molzahn, Norbert"]
[Black "Patelli, Alessandro"]
[Result "1-0"]
[WhiteElo "2064"]
[BlackElo "2244"]
[PlyCount "39"]
[EventDate "2000.10.21"]

1. c4 Nf6 2. Nc3 e6 3. e4 d5 4. cxd5 exd5 5. e5 d4 6. exf6 dxc3 7. Bb5+ c6 8.
Qe2+ Be6 9. Bc4 Qxf6 10. dxc3 Be7 11. Bxe6 fxe6 12. Nf3 h6 13. O-O Nd7 14. Re1
Nf8 15. Nd4 O-O-O 16. Be3 Kc7 17. Rad1 a6 18. Nxc6 bxc6 19. Qxa6 Rb8 20. Bd4
1-0

[Event "XXII Festival A"]
[Site "Arco ITA"]
[Date "2000.10.24"]
[Round "4"]
[White "Obran, Harald"]
[Black "Kleibaumhueter, Klaus"]
[Result "1/2-1/2"]
[WhiteElo "2127"]
[BlackElo "2187"]
[PlyCount "98"]
[EventDate "2000.10.21"]

1. d4 d5 2. Nf3 Nf6 3. c4 dxc4 4. g3 c5 5. Qa4+ Bd7 6. Qxc4 cxd4 7. Qxd4 Nc6 8.
Qd1 e5 9. Bg2 Bc5 10. Nc3 h6 11. Na4 Bb4+ 12. Nd2 O-O 13. O-O Re8 14. Nc3 Bg4
15. h3 Bh5 16. Bf3 Bxf3 17. Nxf3 Qa5 18. Be3 Rad8 19. Qc1 Nd4 20. Re1 Nxf3+ 21.
exf3 Rc8 22. Rd1 Bxc3 23. bxc3 b6 24. c4 Qa4 25. Rd6 Rxc4 26. Qd2 Rc6 27. Rc1
Rec8 28. Rcxc6 Rxc6 29. Rd8+ Kh7 30. Ra8 Rc2 31. Qd8 Qxa2 32. Qd3+ e4 33. fxe4
Qb1+ 34. Qf1 Qxf1+ 35. Kxf1 Rc7 36. f3 Nh5 37. g4 Nf6 38. Ke2 Rd7 39. h4 Ng8
40. Rf8 g6 41. Rb8 Kg7 42. Bd2 f6 43. Bc3 Kf7 44. f4 Ne7 45. Rh8 Kg7 46. Ra8
Kf7 47. Rh8 Kg7 48. Ra8 Kf7 49. Rh8 Kg7 1/2-1/2